[Event "1st GM Brena Baja-La Palma 2019"]
[Site "La Palma"]
[Date "2019.04.02"]
[Round "9.3"]
[White "Ladron De Guevara Pinto, Paolo"]
[Black "Munoz, Miguel"]
[Result "1/2-1/2"]
[WhiteElo "2429"]
[BlackElo "2482"]
[Annotator "TA"]
[PlyCount "141"]
[EventDate "2019.03.23"]
[EventType "tourn"]
[EventCountry "ESP"]
[SourceTitle "playchess.com"]
[Source "ChessBase"]
[SourceQuality "1"]

{[%evp 17,141,65,64,55,72,68,66,71,61,64,62,58,70,33,28,33,44,25,39,0,13,0,22,0,11,0,0,0,0,0,0,0,7,0,0,0,0,0,0,0,0,0,0,0,0,0,0,0,0,0,0,0,0,0,0,0,0,0,0,0,0,-8,0,-8,-8,-8,-10,-12,-11,-11,0,0,0,0,0,0,0,0,0,-290,-298,-431,-438,-431,-438,-576,0,0,0,-8,-8,-8,0,0,0,0,0,0,0,0,0,0,0,0,0,0,0,0,0,0,0,0,0,0,0,0,0,0,0,0,0,0,0,0,0,0]} 1. e4 d5 2. exd5 Qxd5 3. Nc3 Qa5 4. d4 Nf6 5. Nf3 Bg4 6. h3 Bxf3 7. Qxf3 c6 8. Bd2 Nbd7 9. O-O-O e6 10. Kb1 {B01: Scandinavian Defence} Bb4 11. a3 Bxc3 12. Bxc3 {White is slightly better.} Qd5 13. Qxd5 Nxd5 14. Bd2 b5 15. c4 $146 ({Predecessor:} 15. g3 N7b6 16. b3 O-O 17. c4 bxc4 18. bxc4 {1-0 (68) Harikrishnan,A (2204)-Munoz Pantoja,M (2494) Montcada 2018}) 15... bxc4 16. Bxc4 N7b6 17. Bb3 O-O-O 18. a4 Kb7 19. Rc1 Nc7 20. Bc3 Nbd5 21. g3 Rd7 22. Bd1 Nxc3+ 23. bxc3 Nd5 24. Kc2 Kc7 25. Be2 Re8 26. Rhe1 e5 27. Bf3 Rde7 28. Bxd5 cxd5 $11 {[%mdl 4096] Endgame KRR-KRR} 29. Kd3 e4+ 30. Ke3 Kd6 31. c4 Rb7 32. cxd5 Rb3+ 33. Ke2 e3 34. Kf1 Kxd5 35. fxe3 Rbxe3 36. Rxe3 Rxe3 {KR-KR} 37. Rc7 Rxg3 38. Rxf7 a6 39. Rd7+ Kc4 40. h4 Rg4 41. h5 Rg5 42. Rd6 a5 43. h6 Kb4 44. hxg7 Rxg7 45. Ke2 Kxa4 46. Rb6 h5 47. Rh6 Rg5 48. Kd3 $2 {[%mdl 8192] [#]} (48. Kf3 $11) 48... Kb4 $1 $19 49. Ke4 (49. Rb6+ $142 Rb5 50. Rc6) 49... a4 {[%cal Ba5a4,Ba4a3][%mdl 32]} 50. d5 a3 51. Rb6+ Kc3 $2 (51... Ka5 $19 52. Rb8 Rg6) 52. Ra6 $11 {The position is equal.} Rg4+ 53. Ke3 Kb3 {And now ...h4 would win.} 54. d6 Rg1 {aiming for ...Rd1.} 55. Rb6+ Kc4 56. Ra6 Kb4 {...Rd1 is the strong threat.} 57. d7 Rd1 58. Ra7 h4 {Strongly threatening ...h3.} 59. Kf3 h3 {( -> ...h2)} 60. Kg3 Rd3+ 61. Kh2 Kb3 62. Rb7+ $1 Kc2 63. Rc7+ Kb2 64. Rb7+ Ka2 65. Ra7 Kb2 66. Rb7+ Ka1 {[#]} 67. Rb3 $1 {[%mdl 512]} Rxb3 68. d8=Q a2 69. Qd4+ Kb1 70. Qd1+ Kb2 {Threatens to win with ...Rc3.} 71. Qd2+ {Accuracy: White = 71%, Black = 68%.} 1/2-1/2

[Event "1st GM Brena Baja-La Palma 2019"]
[Site "La Palma"]
[Date "2019.04.02"]
[Round "9.4"]
[White "Hernandez Leon, Alberto"]
[Black "Juhasz, Armin"]
[Result "1/2-1/2"]
[WhiteElo "2280"]
[BlackElo "2375"]
[Annotator "TA"]
[PlyCount "33"]
[EventDate "2019.03.23"]
[EventType "tourn"]
[EventCountry "ESP"]
[SourceTitle "playchess.com"]
[Source "ChessBase"]
[SourceQuality "1"]

{[%evp 9,33,20,65,12,16,6,42,0,-1,-2,13,-18,-32,-70,-64,-63,-60,-66,-12,-37,-2,-5,22,20,17,20]} 1. Nf3 Nf6 2. c4 g6 3. d4 Bg7 4. Nc3 d5 5. Bg5 dxc4 6. Qa4+ {D91: Grünfeld: 4 Nf3 Bg7 5 Bg5} (6. e4 $14) (6. e4 c5 7. d5 b5 8. d6 Bb7 9. e5 Ne4 10. Nxe4 Bxe4 11. Qe2 Bf5 12. g4 Be6 13. Qe4 Nd7 14. O-O-O Rb8 15. dxe7 Qa5 16. Bf6 Bxf6 17. exf6 {0-1 (28) Kramnik,V (2760)-Nepomniachtchi,I (2714) Sochi 2014}) 6... c6 $11 7. Qxc4 Qb6 8. Na4 {White is slightly better.} Qa5+ 9. Bd2 Qf5 $146 {[#] Strongly threatening ...b5.} ({Predecessor:} 9... Qd8 10. Nc3 a5 11. Qd3 O-O 12. e3 Na6 13. Be2 Bg4 14. h3 Bxf3 15. Bxf3 {0-1 (32) Barlocco,C (2077)-Dambrauskas,V (2315) Robecchetto 2012}) 10. Qb3 Ne4 11. Be3 O-O 12. Nc3 Qa5 13. g3 Nxc3 (13... Na6 $15) 14. Bd2 {[%mdl 64] [#] Pin} Qh5 {Threatens to win with ...Nb5.} 15. Bxc3 {The position is equal.} b6 16. Bg2 Bh3 17. O-O {Accuracy: White = 31%, Black = 38%.} 1/2-1/2

[Event "1st GM Brena Baja-La Palma 2019"]
[Site "La Palma"]
[Date "2019.04.02"]
[Round "9.5"]
[White "Napoli, Nicolo"]
[Black "Alvarado Diaz, Alejandro"]
[Result "0-1"]
[WhiteElo "2321"]
[BlackElo "2399"]
[Annotator "TA"]
[PlyCount "44"]
[EventDate "2019.03.23"]
[EventType "tourn"]
[EventCountry "ESP"]
[SourceTitle "playchess.com"]
[Source "ChessBase"]
[SourceQuality "1"]

{[%evp 19,44,-12,23,22,32,7,21,8,14,8,17,-37,-28,-125,-126,-128,-133,-95,-93,-75,-81,-94,-87,-74,-75,-354,-360]} 1. d4 Nf6 2. c4 g6 3. Nf3 Bg7 4. g3 O-O 5. Bg2 d6 6. O-O Nbd7 7. Nc3 e5 8. e4 exd4 9. Nxd4 Re8 10. f3 a6 {[%cal Ba7a6,Ba6b5,Bb5b4][%mdl 32]} 11. Be3 {E68: King's Indian: Fianchetto: 6...Nbd7 7 0-0 e5 8 e4} Rb8 12. Qd2 (12. a4 Ne5 13. b3 Bd7 14. Ra2 Qc8 15. Rd2 c5 16. Nde2 b5 17. cxb5 axb5 18. Rxd6 bxa4 {½-½ (47) Indjic,A (2539)-Spasov,V (2546) Palic 2014}) 12... Ne5 13. b3 $1 {The position is equal.} c5 14. Nde2 {With the idea Rad1.} b5 15. cxb5 (15. Bg5 $11) 15... axb5 $15 16. Rad1 (16. Bg5 $11) 16... b4 $17 17. Na4 Ba6 18. Qc2 $146 Qc7 19. Rf2 Rbc8 20. Bh3 Ra8 21. Bf1 Bb7 22. Nd4 $2 {[%mdl 8192] [#]} (22. Nf4 $17 {is a better defense.}) 22... Qe7 $1 {Accuracy: White = 44%, Black = 80%.} 0-1